000 00526nam a2200181 i 4500
001 72545
003 ES-MaACL
005 20230906171452.0
007 t|
008 040901s1967 sp ||||1| spa d
100 1 _aGlaser, Hugo.
_957397
245 1 0 _aMedicina
_b: hora cero /
_cHugo Glaser ; [versión, Víctor Scholz].
250 _a[1ª ed.].
260 _aBarcelona :
_bArgos,
_c[1967] (
_fDiamante)
300 _a254 p., 6 lám. ;
_c27 cm.
700 1 _aScholz, Víctor.
_9104643
852 _aES-MaACL
_jC-9530
_bR.69969
999 _c72545
_d72545